00617nam a2200205 a 4500001001300000003000900013005001700022008004100039020001100080082001700091100001700108245002600125260003500151300000900186500003500195505001300230505012500243650002600368700001700394nice12345678IN_TiNIC20260116013556.0050524s1993 dela grp 000 0 eng  ac105000a294.682bGOP aGopal, Singh aSri Guru Granth Sahib aDelhibWorld Book Centrec1993 a336p aincludes index and biblioraphy2 aGlossary2 aGlossary00gV1.tSri Guru Granth Sahib.--gV2.tSri Guru Granth Sahib.--gV3.tSri Guru Granth Sahib.--gV4.tSri Guru G aGuru Granth Sahib Sri1 aGopal, Singh